MARC details
| 000 -LEADER |
| fixed length control field |
01272cam a22003497a 4500 |
| 001 - CONTROL NUMBER |
| control field |
16115067 |
| 003 - CONTROL NUMBER IDENTIFIER |
| control field |
GZU |
| 005 - DATE AND TIME OF LATEST TRANSACTION |
| control field |
20200916152851.0 |
| 008 - FIXED-LENGTH DATA ELEMENTS--GENERAL INFORMATION |
| fixed length control field |
100302s2012 caua 001 0 eng |
| 010 ## - LIBRARY OF CONGRESS CONTROL NUMBER |
| LC control number |
2010923816 |
| 020 ## - INTERNATIONAL STANDARD BOOK NUMBER |
| International Standard Book Number |
0840069421 |
| 020 ## - INTERNATIONAL STANDARD BOOK NUMBER |
| International Standard Book Number |
9781111428778 |
| 020 ## - INTERNATIONAL STANDARD BOOK NUMBER |
| International Standard Book Number |
9780840069429 |
| 035 ## - SYSTEM CONTROL NUMBER |
| System control number |
(OCoLC)ocn742416348 |
| 040 ## - CATALOGING SOURCE |
| Original cataloging agency |
IAH |
| Transcribing agency |
IAH |
| Modifying agency |
DLC |
| 042 ## - AUTHENTICATION CODE |
| Authentication code |
lccopycat |
| 050 00 - LIBRARY OF CONGRESS CALL NUMBER |
| Classification number |
QA39.3 |
| Item number |
.COH 2012 |
| 100 1# - MAIN ENTRY--PERSONAL NAME |
| Personal name |
Cohen, David, |
| Dates associated with a name |
1942 September 28- |
| Relator term |
author |
| 245 10 - TITLE STATEMENT |
| Title |
Precalculus / |
| Statement of responsibility, etc. |
David Cohen, Theodore B. Lee and David Sklar. |
| 250 ## - EDITION STATEMENT |
| Edition statement |
7th ed. |
| 260 ## - PUBLICATION, DISTRIBUTION, ETC. |
| Place of publication, distribution, etc. |
Belmont, CA : |
| Name of publisher, distributor, etc. |
Brooks/Cole, Cengage |
| Date of publication, distribution, etc. |
c2012 |
| 300 ## - PHYSICAL DESCRIPTION |
| Extent |
1 v. (various pagings) : |
| Other physical details |
ill. (some col.) ; |
| Dimensions |
26 cm. |
| 500 ## - GENERAL NOTE |
| General note |
Includes index. |
| 650 #0 - SUBJECT ADDED ENTRY--TOPICAL TERM |
| Topical term or geographic name entry element |
Precalculus. |
| 700 1# - ADDED ENTRY--PERSONAL NAME |
| Personal name |
Lee, Theodore B. |
| Relator term |
author |
| 700 1# - ADDED ENTRY--PERSONAL NAME |
| Personal name |
Sklar, David. |
| Relator term |
author |
| 856 41 - ELECTRONIC LOCATION AND ACCESS |
| Materials specified |
Table of contents only |
| Uniform Resource Identifier |
<a href="http://catdir.loc.gov/catdir/enhancements/fy1103/2004113032-t.html">http://catdir.loc.gov/catdir/enhancements/fy1103/2004113032-t.html</a> |
| 856 42 - ELECTRONIC LOCATION AND ACCESS |
| Materials specified |
Publisher description |
| Uniform Resource Identifier |
<a href="http://www.loc.gov/catdir/enhancements/fy1212/2010923816-d.html">http://www.loc.gov/catdir/enhancements/fy1212/2010923816-d.html</a> |
| 856 42 - ELECTRONIC LOCATION AND ACCESS |
| Materials specified |
Contributor biographical information |
| Uniform Resource Identifier |
<a href="http://www.loc.gov/catdir/enhancements/fy1303/2010923816-b.html">http://www.loc.gov/catdir/enhancements/fy1303/2010923816-b.html</a> |
| 906 ## - LOCAL DATA ELEMENT F, LDF (RLIN) |
| a |
7 |
| b |
cbc |
| c |
copycat |
| d |
3 |
| e |
ncip |
| f |
20 |
| g |
y-gencatlg |
| 942 ## - ADDED ENTRY ELEMENTS (KOHA) |
| Source of classification or shelving scheme |
Library of Congress Classification |
| Koha item type |
Books |
| Edition |
7th ed. |
| Classification part |
39.3 |
| Item part |
COH |
| Call number prefix |
QD |